Statistics for Top 100 Premier League Players

Click here to take the quiz!

General Stats

  • This quiz has been taken 90 times
  • The average score is 67 of 100

Answer Stats

RankTeamNationPositionPlayer% Correct
#1ArsenalFranceForwardThierry Henry
99%
#5Manchester UnitedEnglandForwardWayne Rooney
97%
#4Manchester UnitedPortugalWingerCristiano Ronaldo
96%
#2Manchester UnitedWalesWingerRyan Giggs
94%
#3Newcastle UnitedEnglandForwardAlan Shearer
93%
#39Tottenham HotspurEnglandForwardHarry Kane
93%
#13ChelseaCzech RepublicGoalkeeperPetr Cech
93%
#6Manchester CityArgentinaForwardSergio Aguero
93%
#7LiverpoolEnglandMidfielderSteven Gerrard
93%
#18Manchester CitySpainWingerDavid Silva
91%
#49ChelseaIvory CoastForwardDidier Drogba
91%
#9ChelseaEnglandMidfielderFrank Lampard
91%
#10ChelseaEnglandDefenderJohn Terry
91%
#15LiverpoolUruguayForwardLuis Suarez
91%
#31LiverpoolEgyptWingerMohamed Salah
91%
#56Tottenham HotspurIrelandForwardRobbie Keane
91%
#17Manchester UnitedIrelandMidfielderRoy Keane
91%
#11ChelseaBelgiumWingerEden Hazard
90%
#35Manchester CityBelgiumMidfielderKevin De Bruyne
90%
#53Tottenham HotspurWalesWingerGareth Bale
88%
#33Leicester CityEnglandForwardJamie Vardy
88%
#20Manchester UnitedEnglandMidfielderPaul Scholes
88%
#19Manchester CityBelgiumDefenderVincent Kompany
88%
#32LiverpoolNetherlandsDefenderVirgil Van Dijk
88%
#12ArsenalFranceMidfielderPatrick Vieira
85%
#8ArsenalNetherlandsForwardDennis Bergkamp
84%
#14Manchester UnitedDenmarkGoalkeeperPeter Schmeichel
84%
#26Manchester CityIvory CoastMidfielderYaya Toure
84%
#40ArsenalChileWingerAlexis Sanchez
82%
#22Manchester UnitedNetherlandsGoalkeeperEdwin Van Der Sar
82%
#34Manchester UnitedSerbiaDefenderNemanja Vidic
82%
#55LiverpoolSenegalWingerSadio Mane
82%
#50Manchester UnitedEnglandForwardAndy Cole
81%
#65ChelseaEnglandFull-BackAshley Cole
81%
#27Manchester UnitedEnglandFull-BackGary Neville
81%
#68Tottenham HotspurEnglandForwardLes Ferdinand
81%
#90Manchester UnitedEnglandFull-BackPhil Neville
81%
#37Manchester UnitedEnglandDefenderRio Ferdinand
81%
#44ArsenalNetherlandsForwardRobin Van Persie
79%
#77Manchester UnitedBulgariaForwardDimitar Berbatov
76%
#24Manchester UnitedFranceForwardEric Cantona
76%
#58EvertonBelgiumForwardRomelu Lukaku
76%
#38ArsenalSpainMidfielderCesc Fabregas
75%
#54ChelseaFranceMidfielderN'Golo Kante
75%
#25ArsenalFranceWingerRobert Pires
74%
#62Manchester UnitedNetherlandsForwardRuud Van Nistelrooy
74%
#30Manchester UnitedEnglandWingerDavid Beckham
72%
#16SouthamptonEnglandMidfielderMatt Le Tissier
71%
#96EvertonUSAGoalkeeperTim Howard
71%
#21ArsenalEnglandDefenderTony Adams
71%
#51ArsenalGermanyMidfielderMesut Ozil
69%
#29ChelseaItalyForwardGianfranco Zola
68%
#45LiverpoolEnglandDefenderJamie Carragher
68%
#84Manchester CityArgentinaForwardCarlos Tevez
66%
#72Aston VillaTrinidad & TobagoForwardDwight Yorke
66%
#67ArsenalEnglandGoalkeeperDavid Seaman
65%
#66Stoke CityEnglandForwardPeter Crouch
65%
#43LiverpoolEnglandForwardRobbie Fowler
65%
#86ChelseaGhanaMidfielderMichael Essien
63%
#42ChelseaSpainForwardFernando Torres
62%
#28West Ham UnitedItalyForwardPaolo Di Canio
62%
#48Tottenham HotspurEnglandDefenderSol Campbell
62%
#59Tottenham HotspurEnglandForwardTeddy Sheringham
62%
#52ChelseaPortugalDefenderRicardo Carvalho
60%
#81EvertonAustraliaForwardTim Cahill
60%
#82ChelseaSerbiaDefenderBranislav Ivanovic
59%
#47Tottenham HotspurEnglandForwardJermain Defoe
59%
#71LiverpoolSpainMidfielderXabi Alonso
59%
#64ChelseaBrazilDefenderDavid Luiz
57%
#74Manchester UnitedIrelandFull-BackDenis Irwin
57%
#70ArsenalSwedenWingerFreddie Ljungberg
57%
#91LiverpoolSpainGoalkeeperPepe Reina
57%
#98ChelseaSpainForwardDiego Costa
54%
#92EvertonEnglandFull-BackLeighton Baines
54%
#83Manchester UnitedEnglandMidfielderMichael Carrick
54%
#36ChelseaNetherlandsForwardJimmy Floyd Hasselbaink
53%
#61Manchester UnitedSpainMidfielderJuan Mata
53%
#89LiverpoolFinlandDefenderSami Hyypia
50%
#46Leeds UnitedAustraliaWingerHarry Kewell
49%
#57ArsenalEnglandForwardIan Wright
49%
#23Newcastle UnitedWalesMidfielderGary Speed
47%
#69Leeds UnitedAustraliaForwardMark Viduka
47%
#94Charlton AthleticEnglandForwardDarren Bent
43%
#78ChelseaFranceMidfielderClaude Makelele
41%
#63Tottenham HotspurGermanyForwardJurgen Klinsmann
41%
#87Blackburn RoversEnglandForwardChris Sutton
40%
#73LiverpoolEnglandGoalkeeperDavid James
40%
#60ArsenalNetherlandsWingerMarc Overmars
40%
#88ArsenalEnglishDefenderMartin Keown
35%
#99Manchester UnitedRussiaWingerAndrei Kanchelskis
34%
#100LiverpoolEnglandMidfielderJames Milner
34%
#80Tottenham HotspurEnglandDefenderLedley King
32%
#97Newcastle UnitedPeruMidfielderNolberto Solano
26%
#41LiverpoolEnglandWingerSteve McManaman
25%
#85Tottenham HotspurFranceForwardDavid Ginola
24%
#76LiverpoolEnglandForwardEmile Heskey
21%
#95West Ham UnitedEnglandMidfielderScott Parker
19%
#75Nottingham ForestForwardEnglandStan Collymore
19%
#79Aston VillaEnglandForwardDion Dublin
16%
#93ChelseaEnglandFull-BackGraeme Le Saux
16%

Score Distribution

Percentile by Number Answered

Percent of People with Each Score

Your Score History

You have not taken this quiz